00557cam a22001932 4500001001100000005001700011008004100028020001700069040001500086100003600101245007800137250001200215260002200227300001300249650003400262650003100296700003300327852000300360000002055020151217154441.0110922s xx 000 0 eng d a8123900341 : aKABUcKABU1 aGlenister, T. W. A.@000018105610aAnatomy and physiology for nurses /cT. W. A. Glenister, Jean R. W. Ross. a3rd ed. aNew Delhi :bCBS. ax,630 p. 0aHuman physiology.@0000155597 0aHuman anatomy.@00001555981 aRoss, Jean R. W.@00001810571